Statistics for The Pacific Ocean by Letter - B

Click here to take the quiz!

General Stats

  • This quiz has been taken 41 times
  • The average score is 11 of 16

Answer Stats

Clue Answer % Correct
Capital of QueenslandBrisbane
93%
The only Canadian province which borders the PacificBritish Columbia
86%
Dominant religion in Southeast AsiaBuddhism
86%
Waikiki or BondiBeach
86%
Mexican peninsulaBaja California
83%
Connects the Pacific with the ArcticBering Strait
83%
Capital of the most populous country bordering the PacificBeijing
79%
Island divided among three countriesBorneo
79%
Empire once controlled most of the PacificBritish Empire
79%
Atoll known for nuclear testingBikini
76%
Santa Monica or San FranciscoBay
72%
One of the most expensive islands in French PolynesiaBora Bora
62%
Sovereign country on the Pacific's coastBrunei
59%
Uninhabited atoll belonging to the USBaker Island
21%
Famous coast region in California along State Route 1Big Sur
17%
The "Trieste" is oneBathyscaphe
7%

Score Distribution

Percentile by Number Answered

Percent of People with Each Score

Your Score History

You have not taken this quiz